000
00269nam a2200109 a 4500
005
20200930073703.0
008
111004s2001 000 spa d
020
_a
9993537063
245
3
_a
La constitución de 1801.
260
_a
Santo Domingo,
_c
2001.
999
_c
33904
_d
33904
040
_a
DO-SdBNP